Normal view MARC view
  • Dorling Kindersley Limited

Entry Nombre Corporativo

Number of records used in: 1

001 - NÚMERO DE CONTROL

  • campo de control: 51372

003 - IDENTIFICADOR DE NUMERO DE CONTROL

  • campo de control: UPN

005 - FECHA Y HORA DE LA ÜLTIMA TRANSACCIÓN

  • campo de control: 20240315092449.0

008 - DATOS DE LONGITUD FIJA

  • campo de control de longitud fija: 240315|| aca||aabn | ana d

040 ## - FUENTE DE CATALOGACIÓN

  • Agencia original de catalogación: MX-MxUPN
  • Lenguaje de catalogación: spa
  • Agencia transcribe: MX-MxUPN

110 2# - ENCABEZAMIENTO - NOMBRE CORPORATIVO

  • Nombre corporativo o de jurisdicción como elemento de entrada : Dorling Kindersley Limited

670 ## - FUENTE EN LA QUE SE LOCALIZARON DATOS

  • Cita de la fuente : LC, 15 marzo 2024:
  • Información localizada: (Dorling Kindersley Limited)
  • Uniform Resource Identifier: https://lccn.loc.gov/n77012963

670 ## - FUENTE EN LA QUE SE LOCALIZARON DATOS

  • Cita de la fuente : Autoridades LIBRUNAM, 15 marzo 2024:
  • Información localizada: (Dorling Kindersley Limited)

902 ## - CATALOGADOR

  • Catalogador: MaríaRobles/150324